000
00337nam a22001217a 4500
999
_c
7738
_d
7738
008
190314b ||||| |||| 00| 0 eng d
082
_a
294.3 P38p 2014
245
_a
དཔྱིད་ཀྱི་ཕོ་ཉ།
250
_a
7th ed.
260
_a
Thimphu ;
_b
Phama printing ,
_c
2014.
300
_a
xvi, 185 p.
_b
ill.
_c
27 cm.
942
_2
ddc